| 000 | 00878nam a2200229 a 4500 | ||
|---|---|---|---|
| 001 | 39289 | ||
| 003 | BD-RjUL | ||
| 005 | 20211209052947.0 | ||
| 008 | 160407m20132007ii ||||| |||| 00| 0 ben d | ||
| 020 |
_a8177566504 _c: TK. 880.00 |
||
| 035 | _a(BD-RjUL)39402 | ||
| 040 |
_aBD-RjUL _bben _cBD-RjUL |
||
| 041 | _aben | ||
| 082 |
_223 _a891.433 _bBHM 2013 |
||
| 100 |
_aভট্রাচায, ধীরেশচন্দ্র _9121127 |
||
| 245 |
_aমহাভারতের একশোটি দুলভ মুহূত / _cধীরেশচন্দ্র ভট্রাচার্য |
||
| 260 |
_aকলকাতা : _bআনন্দ পাবলিশাস, _c২০১৩ |
||
| 300 |
_axiii, ৬৭৪ পৃ. ; _c২৪ সেমি. |
||
| 650 |
_aIndian Culture _9121128 |
||
| 650 |
_aভরতের সংস্কৃতি _9121129 |
||
| 942 |
_2ddc _cBK _05 |
||
| 999 |
_c39289 _d39289 |
||